[Event "Las Palmas Insular-chT Pref-B"]
[Site "Las Palmas"]
[Date "2016.02.27"]
[Round "12.2"]
[White "Roca Marrero, Fernando"]
[Black "Aguilera Suarez, Antonio"]
[Result "0-1"]
[WhiteElo "1435"]
[BlackElo "1825"]
[PlyCount "81"]
[EventDate "2015.10.17"]
[EventType "team-tourn"]
[EventRounds "14"]
[EventCountry "ESP"]
[SourceTitle "EXT 2017"]
[Source "ChessBase"]
[SourceDate "2016.10.25"]
[SourceVersion "1"]
[SourceVersionDate "2016.10.25"]
[SourceQuality "1"]
[WhiteTeam "Panaderia Pulido San Mateo"]
[BlackTeam "Telde Los Llanos"]
[WhiteTeamCountry "ESP"]
[BlackTeamCountry "ESP"]

1. d4 d5 2. Bf4 Nf6 3. e3 e6 4. c3 Be7 5. Nf3 Nbd7 6. Bd3 b6 7. Nbd2 Bb7 8. Ne5 Nxe5 9. Bxe5 a5 10. a4 0-0 11. Qe2 Ne4 12. Nf3 Bd6 13. h4 f6 14. Bh2 Qe8 15. g4 Bc6 16. Bxd6 cxd6 17. Qc2 h5 18. Nd2 hxg4 19. Nxe4 dxe4 20. Bxe4 f5 21. Bxc6 Qxc6 22. 0-0-0 d5 23. h5 b5 24. axb5 Qxb5 25. Kd2 a4 26. Ra1 Rfb8 27. Rhb1 Kh7 28. Ra2 Kh6 29. Rh1 Qc4 30. Raa1 Rb3 31. Rhb1 Rab8 32. Ra3 Kxh5 33. f3 gxf3 34. Rh1+ Kg6 35. Rxb3 Qe2+ 36. Kc1 Rxb3 37. Qxe2 fxe2 38. Re1 a3 39. bxa3 Rxc3+ 40. Kb2 Rxe3 41. a4 0-1

[Event "Las Palmas Insular-chT Pref-B"]
[Site "Las Palmas"]
[Date "2016.01.16"]
[Round "9.2"]
[White "Aguilera Suarez, Antonio"]
[Black "Quintana Marrero, Pedro Jesus"]
[Result "0-1"]
[WhiteElo "1825"]
[BlackElo "1920"]
[PlyCount "90"]
[EventDate "2015.10.17"]
[EventType "team-tourn"]
[EventRounds "14"]
[EventCountry "ESP"]
[SourceTitle "CBM 170 Extra"]
[Source "ChessBase"]
[SourceDate "2016.02.25"]
[SourceVersion "1"]
[SourceVersionDate "2016.02.25"]
[SourceQuality "1"]
[WhiteTeam "Telde Los Llanos"]
[BlackTeam "Anand"]
[WhiteTeamCountry "ESP"]
[BlackTeamCountry "ESP"]

1. e4 c5 2. Nf3 Nc6 3. Nc3 g6 4. d4 cxd4 5. Nxd4 Bg7 6. Be3 Nf6 7. Bc4 Qa5 8. f3 d6 9. Qd2 Bd7 10. a3 0-0 11. b4 Qd8 12. 0-0 Rc8 13. Bb3 Ne5 14. Bf2 a6 15. Rfb1 Qc7 16. Nce2 Nc4 17. Bxc4 Qxc4 18. Rb3 Qc7 19. c3 Ba4 20. Rb2 Rfd8 21. Rc1 d5 22. Bg3 Qd7 23. e5 Nh5 24. Qe3 Nxg3 25. hxg3 e6 26. g4 Qe7 27. g3 Rc4 28. Rd2 Rdc8 29. f4 Bd7 30. g5 h5 31. gxh6 Bxh6 32. Kf2 Bg7 33. Rh1 f6 34. Rd3 fxe5 35. fxe5 Rf8+ 36. Kg2 Rcc8 37. Rdd1 Bb5 38. Rh4 Bxe2 39. Nxe2 Rf5 40. Rdh1 Rxe5 41. Qd3 Rf5 42. g4 Rf6 43. Nd4 Rcf8 44. Rh7 Rf2+ 45. Kg1 Rf1+ 0-1

[Event "Las Palmas Insular-chT Pref-B"]
[Site "Las Palmas"]
[Date "2015.12.05"]
[Round "5.2"]
[White "Aguilera Suarez, Antonio"]
[Black "Roca Marrero, Fernando"]
[Result "1/2-1/2"]
[WhiteElo "1825"]
[BlackElo "1435"]
[PlyCount "94"]
[EventDate "2015.10.17"]
[EventType "team-tourn"]
[EventRounds "14"]
[EventCountry "ESP"]
[SourceTitle "CBM 170 Extra"]
[Source "ChessBase"]
[SourceDate "2016.02.25"]
[SourceVersion "1"]
[SourceVersionDate "2016.02.25"]
[SourceQuality "1"]
[WhiteTeam "Telde Los Llanos"]
[BlackTeam "Panaderia Pulido San Mateo"]
[WhiteTeamCountry "ESP"]
[BlackTeamCountry "ESP"]

1. e4 d6 2. d4 g6 3. Nf3 Bg7 4. Bc4 e6 5. 0-0 Nd7 6. Re1 Ne7 7. Be3 a6 8. c3 h6 9. Nbd2 b5 10. Bd3 Bb7 11. Nf1 Nf6 12. Ng3 Ng4 13. Bd2 e5 14. h3 Nf6 15. a4 c6 16. Qe2 Qc7 17. Be3 0-0 18. Bc2 Nd7 19. dxe5 Nxe5 20. Nxe5 dxe5 21. Rad1 Rad8 22. Bc5 Rxd1 23. Rxd1 Rd8 24. h4 Rxd1+ 25. Qxd1 Bc8 26. Bb3 Bf6 27. h5 g5 28. f3 Qd7 29. Qd6 Qxd6 30. Bxd6 Bd7 31. axb5 axb5 32. Ne2 Nc8 33. Bc5 Be7 34. Be3 Kg7 35. g4 f6 36. Kf2 Be8 37. Ng3 Bd7 38. Ke2 Bd6 39. Nf5+ Bxf5 40. exf5 Ne7 41. Be6 Kf8 42. Bb6 Ke8 43. b4 Nd5 44. Bxd5 cxd5 45. Kd3 Kd7 46. Ke3 Be7 47. Kd3 Kc6 1/2-1/2